000 00977nam a2200229Ia 4500
001 L262-19456
003 IT-CnALBA
008 170116s9999||||xx |||||||||||||| ||und||
040 _aIT-CnALBA
_cIT-CnALBA
041 _aITALIANO
100 _aPIO XII, PAPA PACELLI EUGENIO.
245 0 _aLA COLPA E LA PENA. DISCORSO DI PIO XII AI GIURISTI CATTOLICI ITALIANI. 1954.
250 _a1a ed.
260 _aCINISELLO BALSAMO (MI)
_bEDIZIONI PAOLINE
_c1955 [1° Ed.:1955 - Ed.Ling.Originale: 1955]
300 _a35 p.
500 _aVIA VERSO LA COLPA E LA PENA. STATO RIFORMA. LIBERAZIONE DALLA COLPA. REMISSIONE DELLA PENA. SOCCORSO AI CONDANNATI.
501 _aSocietà San Paolo EM - Piazza San Paolo, 14 - 12051 ALBA (CN) (non commercial uses only) ® Copyright 2017
520 _aVIA VERSO LA COLPA E LA PENA. STATO RIFORMA. LIBERAZIONE DALLA COLPA. REMISSIONE DELLA PENA. SOCCORSO AI CONDANNATI.
650 _aECCLESIOLOGIA
942 _cBK
957 _71
999 _a24195
_bNO
_g Copie: 1
_c278577
_d278577